[Event "Trondheim op-B"]
[Site "Trondheim"]
[Date "2021.05.10"]
[Round "1"]
[White "Blomlie, Marius"]
[Black "Brekke, John Ivar"]
[Result "1-0"]
[WhiteElo "1780"]
[BlackElo "1651"]
[PlyCount "111"]
[EventDate "2021.05.10"]
[EventType "tourn"]
[EventRounds "7"]
[EventCountry "NOR"]
[SourceTitle "EXT 2024"]
[Source "ChessBase"]
[SourceDate "2023.10.10"]
[SourceVersion "1"]
[SourceVersionDate "2023.10.10"]
[SourceQuality "1"]

1. e4 e5 2. Nf3 Nc6 3. Bb5 a6 4. Ba4 Nf6 5. 0-0 b5 6. Bb3 Be7 7. Re1 0-0 8. c3 d5 9. exd5 Nxd5 10. Nxe5 Nxe5 11. Rxe5 c6 12. d4 Bd6 13. Re1 Qh4 14. g3 Qh3 15. Qf3 Bg4 16. Qg2 Qh5 17. Be3 Rae8 18. Nd2 Re7 19. Bxd5 cxd5 20. f3 Bh3 21. Qf2 f5 22. f4 Bg4 23. h4 Rf6 24. Kg2 Rfe6 25. Nf3 Bxf3+ 26. Qxf3 Qxf3+ 27. Kxf3 h5 28. Bd2 Re4 29. Rxe4 dxe4+ 30. Ke3 Kf7 31. a4 b4 32. c4 a5 33. c5 Bb8 34. d5 Ke8 35. Rc1 Ba7 36. b3 Kd7 37. Kd4 Re8 38. Be3 g6 39. Kc4 Bb8 40. Rd1 Bc7 41. c6+ Ke7 42. Bc5+ Bd6 43. Bb6 g5 44. hxg5 h4 45. gxh4 Bxf4 46. Bxa5 Bg3 47. Bxb4+ Bd6 48. Bc3 f4 49. h5 e3 50. Kd3 Kf7 51. g6+ Kg8 52. h6 Be5 53. Bxe5 Rxe5 54. Ke2 f3+ 55. Kxf3 e2 56. Re1 1-0

[Event "Trondheim Pokal TSF"]
[Site "Trondheim"]
[Date "2020.11.16"]
[Round "8"]
[White "Blomlie, Marius"]
[Black "Hanssen, Johnny"]
[Result "1-0"]
[WhiteElo "1732"]
[BlackElo "1779"]
[PlyCount "99"]
[EventDate "2020.09.07"]
[EventType "swiss"]
[EventRounds "9"]
[EventCountry "NOR"]
[SourceTitle "EXT 2024"]
[Source "ChessBase"]
[SourceDate "2023.10.10"]
[SourceVersion "1"]
[SourceVersionDate "2023.10.10"]
[SourceQuality "1"]

1. e4 c5 2. c3 d5 3. exd5 Qxd5 4. d4 Nc6 5. Nf3 Bg4 6. Be2 e6 7. Be3 cxd4 8. cxd4 Bb4+ 9. Nc3 Nf6 10. 0-0 Bxc3 11. bxc3 Qd7 12. Qb3 0-0 13. h3 Bh5 14. Rab1 Bg6 15. Rb2 Nd5 16. Bd2 Qd6 17. Re1 Nf4 18. Ne5 Nxe5 19. Bxf4 Nf3+ 20. Bxf3 Qxf4 21. Bxb7 Rab8 22. Qa3 Qc7 23. Be4 f5 24. Bf3 Rb6 25. Rxb6 Qxb6 26. Qb3 Bf7 27. Qxb6 axb6 28. Rb1 e5 29. dxe5 Bxa2 30. Rxb6 Re8 31. Ra6 Bc4 32. Rc6 Ba2 33. Rc5 Rd8 34. Bb7 Rd1+ 35. Kh2 Rd7 36. Bc8 Rd2 37. Bxf5 Rxf2 38. Rc8+ Kf7 39. Bxh7 Ke7 40. Rc7+ Kf8 41. Kg3 Re2 42. Rc5 Rd2 43. Be4 Kf7 44. Kf4 Re2 45. Bf3 Rf2 46. Rc7+ Kg6 47. c4 Rd2 48. Be4+ Kh6 49. e6 Rd4 50. e7 1-0

[Event "Trondheim Pokal TSF"]
[Site "Trondheim"]
[Date "2020.09.21"]
[Round "3"]
[White "Dasvand, Mathias"]
[Black "Blomlie, Marius"]
[Result "1-0"]
[WhiteElo "1563"]
[BlackElo "1732"]
[PlyCount "87"]
[EventDate "2020.09.07"]
[EventType "swiss"]
[EventRounds "9"]
[EventCountry "NOR"]
[SourceTitle "EXT 2024"]
[Source "ChessBase"]
[SourceDate "2023.10.10"]
[SourceVersion "1"]
[SourceVersionDate "2023.10.10"]
[SourceQuality "1"]

1. d4 d5 2. c4 c6 3. Nf3 Nf6 4. e3 Bf5 5. Nc3 e6 6. Nh4 Ne4 7. Nxf5 Nxc3 8. Nxg7+ Bxg7 9. bxc3 Nd7 10. cxd5 exd5 11. Ba3 Qg5 12. Rb1 Nb6 13. h4 Qg6 14. h5 Qg5 15. h6 Bxh6 16. Rh5 Qg6 17. Bd3 Qf6 18. Re5+ Kd8 19. Be7+ Qxe7 20. Rxe7 Kxe7 21. a4 Rab8 22. a5 Nd7 23. Qh5 Bg7 24. c4 dxc4 25. Bxc4 Rhf8 26. Qxh7 Bf6 27. g4 b5 28. axb6 axb6 29. Qe4+ Kd6 30. Qf4+ Ke7 31. g5 Bh8 32. Qe4+ Kd6 33. Qh7 Rbe8 34. Bxf7 Rxf7 35. Qxf7 Re7 36. Qf4+ Kd5 37. Kf1 c5 38. dxc5 Be5 39. Qf8 Ke6 40. Qh6+ Kd5 41. cxb6 Nc5 42. b7 Nxb7 43. Rxb7 Rxb7 44. Qh1+ 1-0

[Event "Trondheim Pokal TSF"]
[Site "Trondheim"]
[Date "2020.09.07"]
[Round "1"]
[White "Kveine, Sigurd Wist"]
[Black "Blomlie, Marius"]
[Result "0-1"]
[WhiteElo "1329"]
[BlackElo "1732"]
[PlyCount "70"]
[EventDate "2020.09.07"]
[EventType "swiss"]
[EventRounds "9"]
[EventCountry "NOR"]
[SourceTitle "EXT 2024"]
[Source "ChessBase"]
[SourceDate "2023.10.10"]
[SourceVersion "1"]
[SourceVersionDate "2023.10.10"]
[SourceQuality "1"]

1. d4 c6 2. Bf4 d5 3. c3 Nf6 4. Nf3 Bf5 5. e3 e6 6. Nbd2 Be7 7. Be2 0-0 8. h3 c5 9. Nh4 Bg6 10. Nxg6 hxg6 11. 0-0 Nc6 12. Re1 a6 13. Qb3 Na5 14. Qc2 Rc8 15. Nb3 c4 16. Nd2 b5 17. b3 cxb3 18. axb3 Bb4 19. c4 Bxd2 20. Qxd2 Nxb3 21. Qb2 Nxa1 22. Rxa1 bxc4 23. Rxa6 Ra8 24. Rd6 Qa5 25. Qb7 Qe1+ 26. Bf1 Ra1 27. Qc7 Qxf1+ 28. Kh2 Qxf2 29. Rd8 Qg1+ 30. Kg3 Nh5+ 31. Kh4 Rxd8 32. Qxd8+ Kh7 33. Be5 Qxg2 34. e4 Qxe4+ 35. Kg5 Rg1+ 0-1